| 000 | 00587nam a2200217Ia 4500 | ||
|---|---|---|---|
| 005 | 20260429111936.0 | ||
| 008 | 260429s9999||||xx |||||||||||||| ||und|| | ||
| 020 | _a9789357517546 | ||
| 041 | _aEnglish | ||
| 082 |
_a370 _bSEL |
||
| 100 | _aSelvam, S K Paneer | ||
| 245 | 0 |
_aStandard of education / _cS K Paneer Selvam |
|
| 250 | _a1st ed. | ||
| 260 |
_aNew Delhi : _bRandom Publications LLP, _c2025. |
||
| 300 | _ax, 272 p.; hb | ||
| 650 | _a Educational policy | ||
| 650 | _a Quality assurance | ||
| 650 | _aEducation standards | ||
| 700 | _a Balakrishnan, V | ||
| 942 | _cTB | ||
| 999 |
_c51543 _d51543 |
||